Procesný prístup a uvažovanie založené na riziku v ISO 9001:2015

Procesný prístup a ustanovenie prevádzkovania procesov ako integrovaného a komplexného systému v organizácii. Prínosy uvažovania založeného na riziku a ako toto riziko zapracovať do budovania systémov manažérstva kvality.

Uložené v:
Podrobná bibliografia
Hlavný autor: Grauzeľ, Jozef
Médium: Kapitola
Jazyk:Slovak
Predmet:
Tagy: Pridať tag
Žiadne tagy, Buďte prvý, kto otaguje tento záznam!

MARC

LEADER 00000naa a2200000 4500
001 0215440
005 20231012073011.7
041 0 |a slo 
044 |a SK 
245 1 0 |a Procesný prístup a uvažovanie založené na riziku v ISO 9001:2015  |c Jozef Grauzeľ 
520 |a Procesný prístup a ustanovenie prevádzkovania procesov ako integrovaného a komplexného systému v organizácii. Prínosy uvažovania založeného na riziku a ako toto riziko zapracovať do budovania systémov manažérstva kvality. 
610 2 0 |a manažment 
610 2 0 |a riadenie kvality 
610 2 0 |a riadenie procesné 
610 2 0 |a riadenie rizík 
610 2 0 |a riadenie podľa cieľov 
610 2 0 |a systém riadenia kvality 
610 2 0 |a normy ISO 
100 1 |a Grauzeľ, Jozef